Bangladesh country environmental analysis.

Bibliographic Details
Corporate Authors: World Bank. Bangladesh Dhaka Office, World Bank
Format: Book
Language:English
Published: Dhaka : Washington DC : World Bank Office ; World Bank, 2006.
Series:Bangladesh development series ; paper no. 12
Document of the World Bank
Subjects:
Classic Catalogue: View this record in Classic Catalogue
LEADER 01397nam a2200301 a 4500
003 BD-DhAAL
005 20250312145609.0
008 090722s2006 bg b i000 0 eng d
010 |a  2007340088 
040 |a DLC  |c DLC  |d BD-DhAAL 
082 0 0 |a 363.7/0095492  |2 22 
245 0 0 |a Bangladesh country environmental analysis. 
260 |a Dhaka :  |b World Bank Office ;  |a Washington DC :  |b World Bank,  |c 2006. 
300 |a xxiii, 108 pages ;  |c 29 cm.  
490 0 |a Bangladesh development series ;  |v paper no. 12 
490 0 |a Document of the World Bank 
504 |a Includes bibliographical references (p. 99-106). 
526 |x Salim khan Sr. program Associate James P. Grant School. Course name and no. N/A 
541 1 |a A H Development publishing house  |e 00018475 
650 0 |a Environmental management  |z Bangladesh. 
650 0 |a Environmental quality  |z Bangladesh.  |9 57961 
651 0 |a Bangladesh  |x Environmental conditions.  |9 568 
710 2 |a World Bank.  |b Bangladesh Dhaka Office. 
710 2 |a World Bank. 
852 4 |a School of Public Health   |j General Shelf. 
942 |2 ddc  |c BK 
999 |c 2638  |d 2638 
952 |0 0  |1 0  |2 ddc  |4 0  |6 363_700954920000000_BAN  |7 0  |9 2403  |a JPGSPH  |b JPGSPH  |d 2009-04-28  |e A H Development Publishing House.  |g 7800.00  |l 0  |o 363.70095492 BAN  |p 3060018475  |r 2009-07-22  |t 1  |w 2009-07-22  |y BK  |x Requisitioned by Salim khan, Sr. program Associate, James P. Grant School. Course name and no. N/A